[Event "Quebec-ch"]
[Site "Longueuil CAN"]
[Date "1997.06.08"]
[Round "4"]
[White "Schleifer, Michael"]
[Black "Lesiege, Alexandre"]
[Result "1/2-1/2"]
[WhiteElo "2320"]
[BlackElo "2500"]
[WhiteFideId "-1"]
[WhiteFideId "-1"]
[PlyCount "56"]
[GameId "2160767911965685"]
[EventDate "1997.06.05"]
[EventType "tourn"]
[EventRounds "9"]
[EventCountry "CAN"]
[SourceTitle "EXP 58"]
[Source "ChessBase"]
[SourceDate "1997.07.29"]
[SourceVersion "1"]
[SourceVersionDate "1997.07.29"]
[SourceQuality "1"]

1. e4 c6 2. d4 d5 3. Nc3 dxe4 4. Nxe4 Bf5 5. Ng3 Bg6 6. Nf3 Nf6 7. h4 Nh5 8. Nxh5 Bxh5 9. Be2 e6 10. c3 Nd7 11. Be3 Be7 12. Qb3 Qb6 13. O-O-O O-O 14. Qc2 Qa5 15. Kb1 Nf6 16. Ne5 Bxe2 17. Qxe2 Rad8 18. g4 c5 19. g5 Nd5 20. h5 Nxe3 21. Qxe3 cxd4 22. cxd4 f6 23. Qh3 Qd5 24. Ng6 hxg6 25. hxg6 Qe4+ 26. Ka1 Qxg6 27. Qxe6+ Qf7 28. Qh3 Qg6 1/2-1/2

[Event "Quebec-ch"]
[Site "Longueuil CAN"]
[Date "1997.06.09"]
[Round "5"]
[White "Lesiege, Alexandre"]
[Black "Hebert, Jean"]
[Result "1-0"]
[WhiteElo "2500"]
[BlackElo "2465"]
[WhiteFideId "-1"]
[WhiteFideId "-1"]
[PlyCount "51"]
[GameId "2160767911965688"]
[EventDate "1997.06.05"]
[EventType "tourn"]
[EventRounds "9"]
[EventCountry "CAN"]
[SourceTitle "EXP 58"]
[Source "ChessBase"]
[SourceDate "1997.07.29"]
[SourceVersion "1"]
[SourceVersionDate "1997.07.29"]
[SourceQuality "1"]

1. e4 e6 2. d4 d5 3. Nd2 Nf6 4. e5 Nfd7 5. Bd3 c5 6. c3 Nc6 7. Ne2 cxd4 8. cxd4 f6 9. exf6 Qxf6 10. Nf3 h6 11. O-O Bd6 12. Nc3 O-O 13. Be3 Rd8 14. Ne1 Nf8 15. Bc2 Bd7 16. f4 Be8 17. Qd2 Ne7 18. Nf3 Bg6 19. Bb3 Bf5 20. Ne5 Bxe5 21. fxe5 Qg6 22. Rf3 Nd7 23. Rg3 Qh7 24. Bxh6 Ng6 25. Bg5 Rf8 26. Nb5 1-0

[Event "Quebec-ch"]
[Site "Longueuil CAN"]
[Date "1997.06.11"]
[Round "6"]
[White "Moussa, Alaa Eddine"]
[Black "Lesiege, Alexandre"]
[Result "1/2-1/2"]
[WhiteElo "2235"]
[BlackElo "2500"]
[WhiteFideId "-1"]
[WhiteFideId "-1"]
[PlyCount "23"]
[GameId "2160767911965694"]
[EventDate "1997.06.05"]
[EventType "tourn"]
[EventRounds "9"]
[EventCountry "CAN"]
[SourceTitle "EXP 58"]
[Source "ChessBase"]
[SourceDate "1997.07.29"]
[SourceVersion "1"]
[SourceVersionDate "1997.07.29"]
[SourceQuality "1"]

1. d4 Nf6 2. c4 e6 3. Nf3 Bb4+ 4. Bd2 c5 5. Nc3 cxd4 6. Nxd4 Nc6 7. Nxc6 dxc6 8. g3 e5 9. Bg2 O-O 10. O-O Be6 11. b3 Qa5 12. Qc1 1/2-1/2

[Event "Quebec-ch"]
[Site "Longueuil CAN"]
[Date "1997.06.12"]
[Round "7"]
[White "Lesiege, Alexandre"]
[Black "Cote, Jacques"]
[Result "1-0"]
[WhiteElo "2500"]
[BlackElo "2090"]
[WhiteFideId "-1"]
[WhiteFideId "-1"]
[PlyCount "59"]
[GameId "2160767911965698"]
[EventDate "1997.06.05"]
[EventType "tourn"]
[EventRounds "9"]
[EventCountry "CAN"]
[SourceTitle "EXP 58"]
[Source "ChessBase"]
[SourceDate "1997.07.29"]
[SourceVersion "1"]
[SourceVersionDate "1997.07.29"]
[SourceQuality "1"]

1. d4 f5 2. g3 Nf6 3. Bg2 e6 4. Nf3 d5 5. O-O Bd6 6. c4 c6 7. Bf4 Bxf4 8. gxf4 dxc4 9. Ne5 Nd5 10. e3 b5 11. Qh5+ g6 12. Nxg6 Nf6 13. Qh4 Rg8 14. Ne5 Bb7 15. Kh1 Qe7 16. Nd2 c5 17. Bxb7 Qxb7+ 18. f3 Rf8 19. a4 a6 20. Rg1 cxd4 21. exd4 Nc6 22. d5 Nd4 23. Qf2 Qxd5 24. axb5 Nxb5 25. Ndxc4 Ng4 26. Qh4 Nxe5 27. Nxe5 Nd4 28. Rg7 Qc5 29. Rd1 Rc8 30. Qh5+ 1-0

[Event "Quebec-ch"]
[Site "Longueuil CAN"]
[Date "1997.06.13"]
[Round "8"]
[White "Goldenberg, Danny"]
[Black "Lesiege, Alexandre"]
[Result "1/2-1/2"]
[WhiteElo "2270"]
[BlackElo "2500"]
[WhiteFideId "-1"]
[WhiteFideId "-1"]
[PlyCount "28"]
[GameId "2160767911965702"]
[EventDate "1997.06.05"]
[EventType "tourn"]
[EventRounds "9"]
[EventCountry "CAN"]
[SourceTitle "EXP 58"]
[Source "ChessBase"]
[SourceDate "1997.07.29"]
[SourceVersion "1"]
[SourceVersionDate "1997.07.29"]
[SourceQuality "1"]

1. e4 e5 2. Nf3 Nc6 3. Bc4 Nf6 4. d3 Bc5 5. O-O d6 6. c3 O-O 7. Bg5 h6 8. Bh4 a6 9. Bb3 Ba7 10. Nbd2 Kh8 11. Re1 g5 12. Bg3 Bg4 13. Nf1 Nh5 14. h3 Bxf3 1/2-1/2

[Event "Quebec-ch"]
[Site "Longueuil CAN"]
[Date "1997.06.15"]
[Round "9"]
[White "Lesiege, Alexandre"]
[Black "Mikanovic, Goran"]
[Result "1/2-1/2"]
[WhiteElo "2500"]
[BlackElo "2305"]
[WhiteFideId "-1"]
[WhiteFideId "-1"]
[PlyCount "31"]
[GameId "2160767911965707"]
[EventDate "1997.06.05"]
[EventType "tourn"]
[EventRounds "9"]
[EventCountry "CAN"]
[SourceTitle "EXP 58"]
[Source "ChessBase"]
[SourceDate "1997.07.29"]
[SourceVersion "1"]
[SourceVersionDate "1997.07.29"]
[SourceQuality "1"]

1. d4 Nf6 2. c4 e6 3. Nc3 Bb4 4. e3 O-O 5. Bd3 d5 6. Nf3 b6 7. cxd5 exd5 8. O-O Bb7 9. Ne5 Bd6 10. f4 c5 11. Qf3 Nc6 12. Bd2 cxd4 13. Nxc6 Bxc6 14. exd4 Re8 15. Rae1 Qd7 16. f5 1/2-1/2

[Event "Capablanca Memorial Premier II 32nd"]
[Site "Cienfuegos"]
[Date "1997.??.??"]
[Round "1"]
[White "Lesiege, Alexandre"]
[Black "Alvarez Perez, Jose"]
[Result "1-0"]
[WhiteElo "2500"]
[BlackElo "2405"]
[WhiteFideId "-1"]
[WhiteFideId "-1"]
[PlyCount "65"]
[GameId "1166640467460096"]
[EventDate "1997.05.05"]
[EventType "tourn"]
[EventRounds "13"]
[EventCountry "CUB"]
[EventCategory "8"]
[SourceTitle "CBM 058 Extra"]
[Source "ChessBase"]
[SourceDate "1997.07.29"]
[SourceVersion "1"]
[SourceVersionDate "1997.07.29"]
[SourceQuality "1"]

1. e4 c6 2. d4 d5 3. Nd2 dxe4 4. Nxe4 Nd7 5. Bc4 Ngf6 6. Nxf6+ Nxf6 7. c3 Qc7 8. Qb3 e6 9. Nf3 Bd6 10. O-O O-O 11. Re1 c5 12. Bg5 Bd7 13. Ne5 b5 14. Bxb5 Rab8 15. c4 Bxb5 16. cxb5 Nd5 17. Nc6 Rb7 18. dxc5 Bxc5 19. Rec1 Qb6 20. Qc2 Bd6 21. a4 a6 22. Bd8 Rxd8 23. Nxd8 Qxd8 24. Qc8 Rb8 25. Qxd8+ Rxd8 26. bxa6 Kf8 27. Rc6 Ke7 28. Rac1 Ra8 29. Kf1 Kd7 30. R1c4 Ra7 31. Ke2 Nc7 32. Rb6 Rxa6 33. Rxc7+ 1-0

[Event "Capablanca Memorial Premier II 32nd"]
[Site "Cienfuegos"]
[Date "1997.??.??"]
[Round "8"]
[White "Lesiege, Alexandre"]
[Black "Hernandez Onna, Roman"]
[Result "1/2-1/2"]
[WhiteElo "2500"]
[BlackElo "2430"]
[WhiteFideId "-1"]
[WhiteFideId "-1"]
[PlyCount "93"]
[GameId "1166640467652608"]
[EventDate "1997.05.05"]
[EventType "tourn"]
[EventRounds "13"]
[EventCountry "CUB"]
[EventCategory "8"]
[SourceTitle "CBM 058 Extra"]
[Source "ChessBase"]
[SourceDate "1997.07.29"]
[SourceVersion "1"]
[SourceVersionDate "1997.07.29"]
[SourceQuality "1"]

1. c4 c5 2. Nf3 Nf6 3. Nc3 Nc6 4. d4 cxd4 5. Nxd4 g6 6. e4 d6 7. Be2 Bg7 8. Be3 O-O 9. O-O Bd7 10. Qd2 a5 11. Ndb5 a4 12. f3 Qa5 13. Qe1 Rfc8 14. Qf2 Ne5 15. Bb6 Qb4 16. a3 Qb3 17. Rab1 Bxb5 18. cxb5 Ned7 19. Bd4 e5 20. Be3 d5 21. exd5 Nxd5 22. Nxd5 Qxd5 23. Rbd1 Qe6 24. Rd2 Nf8 25. f4 e4 26. f5 Qxf5 27. Qxf5 gxf5 28. Rxf5 Rc1+ 29. Kf2 Rac8 30. Rf4 Re8 31. Rxf7 Kxf7 32. Bh5+ Ng6 33. Rd7+ Re7 34. Rxe7+ Kxe7 35. Bxc1 Ne5 36. Be2 Kd6 37. Bd2 Kd5 38. Bc3 Bh6 39. g4 Nd3+ 40. Bxd3 exd3 41. h4 Bc1 42. g5 Ke4 43. Ke1 Kf5 44. Kd1 Bf4 45. Bd2 Be5 46. Bc3 Bf4 47. Bd2 1/2-1/2

[Event "Capablanca Memorial Premier II 32nd"]
[Site "Cienfuegos"]
[Date "1997.??.??"]
[Round "9"]
[White "Perez Garcia, Rodney Oscar"]
[Black "Lesiege, Alexandre"]
[Result "1/2-1/2"]
[WhiteElo "2385"]
[BlackElo "2500"]
[WhiteFideId "-1"]
[WhiteFideId "-1"]
[PlyCount "33"]
[GameId "1166640467693568"]
[EventDate "1997.05.05"]
[EventType "tourn"]
[EventRounds "13"]
[EventCountry "CUB"]
[EventCategory "8"]
[SourceTitle "CBM 058 Extra"]
[Source "ChessBase"]
[SourceDate "1997.07.29"]
[SourceVersion "1"]
[SourceVersionDate "1997.07.29"]
[SourceQuality "1"]

1. e4 c6 2. c4 d5 3. exd5 Nf6 4. Nc3 cxd5 5. cxd5 Nxd5 6. Nf3 e6 7. Bc4 Nc6 8. O-O Be7 9. d4 O-O 10. Qe2 b6 11. Nxd5 exd5 12. Bb5 Bb7 13. Bf4 Bd6 14. Bxd6 Qxd6 15. Rfe1 Rac8 16. Rac1 f6 17. h3 1/2-1/2

[Event "Capablanca Premier-B"]
[Site "Cienfuegos CUB"]
[Date "1997.??.??"]
[Round "2"]
[White "Sieiro Gonzalez, Luis"]
[Black "Lesiege, Alexandre"]
[Result "0-1"]
[WhiteElo "2385"]
[BlackElo "2500"]
[WhiteFideId "-1"]
[WhiteFideId "-1"]
[PlyCount "114"]
[GameId "2129405173379563"]
[EventDate "1997.05.05"]
[EventType "tourn"]
[EventRounds "13"]
[EventCountry "CUB"]
[EventCategory "8"]
[SourceTitle "EXP 58"]
[Source "ChessBase"]
[SourceDate "1997.07.29"]
[SourceVersion "1"]
[SourceVersionDate "1997.07.29"]
[SourceQuality "1"]

1. d4 Nf6 2. Nf3 d5 3. e3 e6 4. Bd3 c5 5. c3 Be7 6. Nbd2 O-O 7. O-O b6 8. Qe2 Nbd7 9. Ne5 Bb7 10. f4 Ne4 11. Ndf3 f6 12. Nxd7 Qxd7 13. Bd2 Rac8 14. Be1 Bd6 15. Bh4 cxd4 16. Bxe4 dxe4 17. Nxd4 Bd5 18. Rfd1 Qf7 19. Rac1 Bc4 20. Qc2 Bd3 21. Qb3 e5 22. Qxf7+ Rxf7 23. fxe5 fxe5 24. Nb3 a5 25. Nd2 Bc5 26. Re1 b5 27. Bg3 Bd6 28. Rcd1 Bb8 29. a3 a4 30. h3 Rf5 31. Nf1 Kf7 32. Rd2 Ke6 33. Rf2 g6 34. Bh4 Rcf8 35. g4 Rxf2 36. Bxf2 Bxf1 37. Kxf1 Kd5 38. Rd1+ Kc4 39. Ke2 Kb3 40. Rd2 g5 41. Be1 Rf3 42. Rd5 Kc4 43. Rd8 Bc7 44. Re8 Rf7 45. Bg3 Kb3 46. Bxe5 Kxb2 47. Bh8 Kxa3 48. Rxe4 Ba5 49. Bd4 Kb3 50. Re5 Rb7 51. c4 Kxc4 52. Rxg5 Bb6 53. Rg7 Rxg7 54. Bxg7 a3 55. Kd2 b4 56. g5 b3 57. h4 Bxe3+ 0-1

[Event "Capablanca Premier-B"]
[Site "Cienfuegos CUB"]
[Date "1997.??.??"]
[Round "3"]
[White "Lesiege, Alexandre"]
[Black "Lopez, C."]
[Result "1-0"]
[WhiteElo "2500"]
[BlackElo "2400"]
[WhiteFideId "-1"]
[WhiteFideId "-1"]
[PlyCount "87"]
[GameId "2129405173379568"]
[EventDate "1997.05.05"]
[EventType "tourn"]
[EventRounds "13"]
[EventCountry "CUB"]
[EventCategory "8"]
[SourceTitle "EXP 58"]
[Source "ChessBase"]
[SourceDate "1997.07.29"]
[SourceVersion "1"]
[SourceVersionDate "1997.07.29"]
[SourceQuality "1"]

1. d4 Nf6 2. c4 g6 3. Nf3 Bg7 4. g3 O-O 5. Bg2 d5 6. cxd5 Nxd5 7. O-O Nb6 8. Nc3 Nc6 9. d5 Na5 10. e4 c6 11. Bf4 cxd5 12. exd5 Bg4 13. h3 Bxf3 14. Qxf3 Nac4 15. b3 Nd6 16. Rac1 Rc8 17. Ne4 Nxe4 18. Qxe4 Rxc1 19. Rxc1 Nc8 20. Qc4 Nd6 21. Qc7 Bd4 22. Bg5 f6 23. Bf4 Bb6 24. Qc2 Qd7 25. Qe2 Nf5 26. g4 Nd4 27. Qc4 Kg7 28. a4 e5 29. dxe6 Nxe6 30. Bg3 Qd2 31. Qc2 Qxc2 32. Rxc2 Nd4 33. Rb2 Rf7 34. b4 a6 35. Rd2 Re7 36. Kf1 a5 37. Bd6 Re6 38. Bc5 Bxc5 39. bxc5 Nb3 40. Rd7+ Kh6 41. Bd5 Nxc5 42. Bxe6 Nxe6 43. Rxb7 Nc5 44. Rf7 1-0

[Event "Capablanca Premier-B"]
[Site "Cienfuegos CUB"]
[Date "1997.??.??"]
[Round "4"]
[White "Teske, Henrik"]
[Black "Lesiege, Alexandre"]
[Result "1-0"]
[WhiteElo "2500"]
[BlackElo "2500"]
[WhiteFideId "-1"]
[WhiteFideId "-1"]
[PlyCount "189"]
[GameId "2129405173383674"]
[EventDate "1997.05.05"]
[EventType "tourn"]
[EventRounds "13"]
[EventCountry "CUB"]
[EventCategory "8"]
[SourceTitle "EXP 58"]
[Source "ChessBase"]
[SourceDate "1997.07.29"]
[SourceVersion "1"]
[SourceVersionDate "1997.07.29"]
[SourceQuality "1"]

1. b3 e5 2. Bb2 d6 3. e3 Nf6 4. c4 g6 5. Nc3 Bg7 6. g3 Bg4 7. Nf3 O-O 8. h3 Be6 9. d4 exd4 10. Nxd4 d5 11. Bg2 c6 12. Qe2 dxc4 13. Nxe6 fxe6 14. Qxc4 Nd5 15. O-O b5 16. Qc5 Qb6 17. Qxb6 axb6 18. Nxd5 Bxb2 19. Rab1 exd5 20. Rxb2 Ra7 21. Rc1 Rd8 22. a4 bxa4 23. bxa4 Rb7 24. h4 Kf7 25. Rcb1 Nd7 26. Bh3 Ke7 27. Bxd7 Rdxd7 28. Rxb6 Rxb6 29. Rxb6 Kd6 30. Ra6 Kc5 31. Kg2 Rc7 32. Kf3 Kc4 33. Rb6 c5 34. a5 Kd3 35. a6 c4 36. Rb7 Rc6 37. a7 Rf6+ 38. Kg4 Ra6 39. Rxh7 c3 40. Rd7 Kc4 41. Kf3 Ra2 42. g4 c2 43. h5 gxh5 44. gxh5 Kb3 45. Rb7+ Kc3 46. h6 Kd3 47. Rb3+ Kd2 48. h7 c1=Q 49. h8=Q Qd1+ 50. Kg3 Qg1+ 51. Kf3 Qd1+ 52. Kg2 Qxb3 53. a8=Q Rxa8 54. Qxa8 Qc4 55. Qg8 Ke2 56. Qe6 Ke1 57. Kg3 Ke2 58. Qe5 Qd3 59. Qb2+ Kf1 60. Qa1+ Ke2 61. Qf6 Kf1 62. Qe6 Ke2 63. Kg2 Ke1 64. Kg3 Ke2 65. Qg4+ Ke1 66. Qh5 Kf1 67. f4 Ke1 68. Qh1+ Kd2 69. Qg2+ Kc3 70. Qf3 Qg6+ 71. Kf2 Qc2+ 72. Qe2 Qh7 73. Qe1+ Kc2 74. Qf1 Qh4+ 75. Ke2 Qh2+ 76. Qf2 Qh5+ 77. Qf3 Qf5 78. Kf2 Kd2 79. Qe2+ Kc3 80. Qd1 Qe4 81. Qa1+ Kc2 82. Qe5 Qh1 83. f5 Qh4+ 84. Qg3 Qe4 85. Qf3 Qh4+ 86. Kf1 Kc3 87. f6 Qh7 88. e4+ Kd4 89. f7 dxe4 90. Qf6+ Kd3 91. Qd6+ Ke3 92. Qg3+ Kd2 93. f8=Q Qh1+ 94. Kf2 Qe1+ 95. Kg2 1-0

[Event "Capablanca Premier-B"]
[Site "Cienfuegos CUB"]
[Date "1997.??.??"]
[Round "5"]
[White "Lesiege, Alexandre"]
[Black "Bellon Lopez, Juan Manuel"]
[Result "0-1"]
[WhiteElo "2500"]
[BlackElo "2465"]
[WhiteFideId "-1"]
[WhiteFideId "-1"]
[PlyCount "84"]
[GameId "2129405173383678"]
[EventDate "1997.05.05"]
[EventType "tourn"]
[EventRounds "13"]
[EventCountry "CUB"]
[EventCategory "8"]
[SourceTitle "EXP 58"]
[Source "ChessBase"]
[SourceDate "1997.07.29"]
[SourceVersion "1"]
[SourceVersionDate "1997.07.29"]
[SourceQuality "1"]

1. d4 Nf6 2. c4 c5 3. Nf3 cxd4 4. Nxd4 e5 5. Nb5 d5 6. cxd5 Bc5 7. N5c3 O-O 8. e3 e4 9. Nd2 Re8 10. a3 a5 11. Be2 Na6 12. b3 Nc7 13. Bb2 Ncxd5 14. Nxd5 Nxd5 15. Qc2 b6 16. Rd1 Qg5 17. g3 Bb7 18. Nc4 Rac8 19. h4 Qf5 20. Qd2 Rcd8 21. Qc2 Qc8 22. Rc1 Qb8 23. Rg1 Rc8 24. Bg4 Rc7 25. Qd2 f6 26. Kf1 f5 27. Bxf5 Rf7 28. g4 Qh2 29. Bd4 Bf8 30. Ke2 g6 31. Rg3 Bc8 32. Rcg1 Bxf5 33. gxf5 Rxf5 34. R1g2 Qxh4 35. Bb2 Rd8 36. Qc2 Bg7 37. Bxg7 Kxg7 38. Qb2+ Qf6 39. Qxf6+ Rxf6 40. Rh2 Nc3+ 41. Kf1 Rd1+ 42. Kg2 Ne2 0-1

[Event "Capablanca Premier-B"]
[Site "Cienfuegos CUB"]
[Date "1997.??.??"]
[Round "6"]
[White "Paneque, Pedro"]
[Black "Lesiege, Alexandre"]
[Result "1/2-1/2"]
[WhiteElo "2375"]
[BlackElo "2500"]
[WhiteFideId "-1"]
[WhiteFideId "-1"]
[PlyCount "105"]
[GameId "2129405173383685"]
[EventDate "1997.05.05"]
[EventType "tourn"]
[EventRounds "13"]
[EventCountry "CUB"]
[EventCategory "8"]
[SourceTitle "EXP 58"]
[Source "ChessBase"]
[SourceDate "1997.07.29"]
[SourceVersion "1"]
[SourceVersionDate "1997.07.29"]
[SourceQuality "1"]

1. d4 Nf6 2. Nf3 d5 3. e3 c6 4. b3 Bg4 5. Be2 e6 6. O-O Nbd7 7. Bb2 Bd6 8. c4 Qb8 9. Nbd2 O-O 10. h3 Bh5 11. Rc1 b5 12. cxd5 cxd5 13. Ne1 Bg6 14. Bd3 b4 15. Bxg6 hxg6 16. Nd3 Qb5 17. Ne5 Rfc8 18. Ndf3 Qa5 19. Ra1 Be7 20. Ng5 Nxe5 21. dxe5 Nd7 22. Nf3 Rc7 23. Qe2 Rac8 24. Rfc1 Nc5 25. Nd2 Qb6 26. g3 a5 27. Rc2 Nd7 28. Rxc7 Rxc7 29. Nf3 Nc5 30. Rc1 Ne4 31. Rxc7 Qxc7 32. Qd3 g5 33. Kg2 g6 34. Kg1 Bf8 35. Kg2 Be7 36. Kg1 Bf8 37. Kg2 Be7 38. Kg1 Bf8 39. Kg2 Bg7 40. Kg1 Nc3 41. a4 Bxe5 42. Nxg5 Bxg3 43. fxg3 Qxg3+ 44. Kf1 Qxg5 45. Bxc3 bxc3 46. Qxc3 Qg3 47. Ke2 Qg2+ 48. Kd3 Qxh3 49. Qxa5 Qf5+ 50. Kd2 g5 51. Qd8+ Kg7 52. a5 g4 53. a6 1/2-1/2

[Event "Capablanca Premier-B"]
[Site "Cienfuegos CUB"]
[Date "1997.??.??"]
[Round "7"]
[White "Lesiege, Alexandre"]
[Black "Pecorelli Garcia, Humberto"]
[Result "1-0"]
[WhiteElo "2500"]
[BlackElo "2460"]
[WhiteFideId "-1"]
[WhiteFideId "-1"]
[PlyCount "63"]
[GameId "2129405173383692"]
[EventDate "1997.05.05"]
[EventType "tourn"]
[EventRounds "13"]
[EventCountry "CUB"]
[EventCategory "8"]
[SourceTitle "EXP 58"]
[Source "ChessBase"]
[SourceDate "1997.07.29"]
[SourceVersion "1"]
[SourceVersionDate "1997.07.29"]
[SourceQuality "1"]

1. d4 Nf6 2. c4 g6 3. Nc3 Bg7 4. e4 d6 5. Nf3 O-O 6. h3 e5 7. d5 Na6 8. Be3 Nh5 9. a3 Qe8 10. b4 f5 11. Rc1 Kh8 12. c5 Nf6 13. Bb5 Qe7 14. c6 Nb8 15. Bg5 a6 16. Ba4 h6 17. Bxf6 Bxf6 18. O-O b5 19. Bc2 f4 20. Bd3 h5 21. Nh2 a5 22. Bxb5 Na6 23. Rb1 Rf7 24. Be2 Rh7 25. Na4 axb4 26. axb4 Qd8 27. b5 Nc5 28. Nxc5 dxc5 29. d6 cxd6 30. b6 Bb7 31. Qd5 Rb8 32. Rfd1 1-0

[Event "Capablanca Premier-B"]
[Site "Cienfuegos CUB"]
[Date "1997.??.??"]
[Round "10"]
[White "Lesiege, Alexandre"]
[Black "Blees, Albert"]
[Result "1/2-1/2"]
[WhiteElo "2500"]
[BlackElo "2405"]
[WhiteFideId "-1"]
[WhiteFideId "-1"]
[PlyCount "83"]
[GameId "2129405173383712"]
[EventDate "1997.05.05"]
[EventType "tourn"]
[EventRounds "13"]
[EventCountry "CUB"]
[EventCategory "8"]
[SourceTitle "EXP 58"]
[Source "ChessBase"]
[SourceDate "1997.07.29"]
[SourceVersion "1"]
[SourceVersionDate "1997.07.29"]
[SourceQuality "1"]

1. e4 e6 2. d4 d5 3. Nd2 Nf6 4. e5 Nfd7 5. Bd3 c5 6. c3 b6 7. Ne2 Ba6 8. Bxa6 Nxa6 9. O-O Be7 10. f4 O-O 11. Nf3 f5 12. exf6 Nxf6 13. Ng3 Nc7 14. Qd3 Bd6 15. Bd2 Qd7 16. Rae1 Rae8 17. Re2 a5 18. Rfe1 c4 19. Qc2 b5 20. Ng5 b4 21. Nh5 g6 22. Nxf6+ Rxf6 23. g3 bxc3 24. bxc3 Rb8 25. Bc1 Kg7 26. Re3 Rb6 27. h4 Bf8 28. Nf3 Ne8 29. Ne5 Qc8 30. Qa4 Ra6 31. Qd7+ Qxd7 32. Nxd7 Rf7 33. Nxf8 Kxf8 34. Ba3+ Kg7 35. Rxe6 Rxe6 36. Rxe6 Nf6 37. Bd6 Ne4 38. Be5+ Kf8 39. g4 Nxc3 40. Rb6 Nxa2 41. Rb8+ Ke7 42. Rb7+ 1/2-1/2

[Event "Capablanca Premier-B"]
[Site "Cienfuegos CUB"]
[Date "1997.??.??"]
[Round "12"]
[White "Lesiege, Alexandre"]
[Black "Galego, Luis"]
[Result "0-1"]
[WhiteElo "2500"]
[BlackElo "2475"]
[WhiteFideId "-1"]
[WhiteFideId "-1"]
[PlyCount "134"]
[GameId "2129405173383726"]
[EventDate "1997.05.05"]
[EventType "tourn"]
[EventRounds "13"]
[EventCountry "CUB"]
[EventCategory "8"]
[SourceTitle "EXP 58"]
[Source "ChessBase"]
[SourceDate "1997.07.29"]
[SourceVersion "1"]
[SourceVersionDate "1997.07.29"]
[SourceQuality "1"]

1. d4 Nf6 2. c4 c5 3. Nf3 cxd4 4. Nxd4 a6 5. Nc3 e5 6. Nc2 Nc6 7. e4 Bc5 8. Be3 Bxe3 9. Nxe3 Nd4 10. Nc2 Qb6 11. Rb1 O-O 12. Be2 d6 13. O-O Be6 14. Nxd4 Qxd4 15. Qxd4 exd4 16. Nd5 Nxe4 17. Nb6 Nd2 18. Nxa8 Rxa8 19. Rbd1 Nxf1 20. Kxf1 Kf8 21. Rxd4 Ke7 22. Bf3 Rb8 23. Ke2 b5 24. cxb5 Rxb5 25. b3 Ra5 26. Rd2 g5 27. Ke3 Re5+ 28. Kd4 g4 29. Bb7 a5 30. f4 Rb5 31. Bc6 Rc5 32. Be4 Rb5 33. Ke3 h6 34. g3 Kd7 35. Rc2 Rh5 36. Kd4 Ke7 37. Rc7+ Kf6 38. Ra7 Rxh2 39. Rxa5 d5 40. f5 dxe4 41. fxe6 fxe6 42. Kxe4 h5 43. a4 Re2+ 44. Kd3 Rg2 45. Rxh5 Rxg3+ 46. Kc4 Rh3 47. Rc5 g3 48. Rc8 Rh4+ 49. Kd3 Rg4 50. Rc1 g2 51. Rg1 Kg5 52. a5 Kf4 53. b4 Kf3 54. Kc3 Kf2 55. Rxg2+ Rxg2 56. b5 e5 57. b6 e4 58. b7 Rg8 59. a6 e3 60. a7 e2 61. b8=Q e1=Q+ 62. Kb2 Qd2+ 63. Ka3 Qd5 64. Qb2+ Ke3 65. Qb6+ Ke4 66. Qb4+ Kf5 67. Qb8 Kf6 0-1

[Event "Capablanca Premier-B"]
[Site "Cienfuegos CUB"]
[Date "1997.??.??"]
[Round "13"]
[White "Pupo, Emilio"]
[Black "Lesiege, Alexandre"]
[Result "0-1"]
[WhiteElo "2410"]
[BlackElo "2500"]
[WhiteFideId "-1"]
[WhiteFideId "-1"]
[PlyCount "82"]
[GameId "2129405173383735"]
[EventDate "1997.05.05"]
[EventType "tourn"]
[EventRounds "13"]
[EventCountry "CUB"]
[EventCategory "8"]
[SourceTitle "EXP 58"]
[Source "ChessBase"]
[SourceDate "1997.07.29"]
[SourceVersion "1"]
[SourceVersionDate "1997.07.29"]
[SourceQuality "1"]

1. e4 c5 2. Nf3 d6 3. d4 cxd4 4. Nxd4 Nf6 5. Nc3 a6 6. Be2 e6 7. Be3 Nbd7 8. O-O b5 9. a3 Bb7 10. f3 Be7 11. Kh1 Rc8 12. Qe1 O-O 13. Rd1 Qc7 14. Qg3 Ne5 15. Bd3 Nc4 16. Bxc4 Qxc4 17. Rd3 Nd7 18. f4 Nc5 19. Rdd1 Nxe4 20. Nxe4 Bxe4 21. c3 Bf6 22. Nf3 Bxf3 23. Qxf3 Qc6 24. Qf2 Rfe8 25. h3 d5 26. Bd4 Bxd4 27. Qxd4 Qd6 28. g3 Rc4 29. Qe3 Qc5 30. Qf3 Re4 31. Rd2 Qe3 32. Qxe3 Rxe3 33. Kg2 g6 34. Kf2 Re4 35. Re1 Rxe1 36. Kxe1 Rc8 37. Ke2 Rc4 38. h4 Kg7 39. Kd3 Kf6 40. Rf2 Kf5 41. Rf3 Re4 0-1

[Event "Quebec-ch intercoll."]
[Site "Montreal CAN"]
[Date "1997.03.29"]
[Round "2"]
[White "Lesiege, Alexandre"]
[Black "Desbiens, Dominick"]
[Result "1-0"]
[WhiteElo "2521"]
[BlackElo "1422"]
[WhiteFideId "-1"]
[WhiteFideId "-1"]
[PlyCount "25"]
[GameId "2160767911966174"]
[EventDate "1997.03.29"]
[EventType "swiss"]
[EventRounds "6"]
[EventCountry "CAN"]

1. d4 g6 2. c4 Bg7 3. Nf3 Nf6 4. g3 d6 5. Bg2 O-O 6. O-O Bg4 7. Nc3 Nbd7 8. Nh4 c6 9. f3 Bh5 10. g4 e5 11. dxe5 dxe5 12. gxh5 Nxh5 13. Bh3 1-0

[Event "Quebec-ch intercoll."]
[Site "Montreal CAN"]
[Date "1997.03.30"]
[Round "3"]
[White "Vergara, Pablo"]
[Black "Lesiege, Alexandre"]
[Result "0-1"]
[WhiteElo "1530"]
[BlackElo "2521"]
[WhiteFideId "-1"]
[WhiteFideId "-1"]
[PlyCount "66"]
[GameId "2160767911966180"]
[EventDate "1997.03.29"]
[EventType "swiss"]
[EventRounds "6"]
[EventCountry "CAN"]

1. Nf3 Nf6 2. d4 g6 3. g3 Bg7 4. Bg2 O-O 5. O-O d6 6. c4 Nc6 7. Nc3 Bg4 8. Bg5 Nd7 9. Be3 e5 10. d5 Bxf3 11. exf3 Ne7 12. Ne4 b6 13. Rc1 h6 14. g4 f5 15. Nc3 a5 16. h3 g5 17. b3 Ng6 18. Bd2 Nh4 19. Bh1 Rf7 20. Ne2 Nf8 21. Ng3 Nfg6 22. Nh5 Qd7 23. Kh2 Raf8 24. Nxg7 Kxg7 25. Rc3 fxg4 26. hxg4 Rf6 27. Rg1 Qf7 28. Rg3 e4 29. fxe4 Rxf2+ 30. Bg2 Nxg2 31. Rxg2 Rxg2+ 32. Kxg2 Qf2+ 33. Kh3 Qh4+ 0-1

[Event "Quebec-ch intercoll."]
[Site "Montreal CAN"]
[Date "1997.03.30"]
[Round "4"]
[White "Soudre, Nicolas"]
[Black "Lesiege, Alexandre"]
[Result "0-1"]
[WhiteElo "1888"]
[BlackElo "2521"]
[WhiteFideId "-1"]
[WhiteFideId "-1"]
[PlyCount "50"]
[GameId "2160767911966185"]
[EventDate "1997.03.29"]
[EventType "swiss"]
[EventRounds "6"]
[EventCountry "CAN"]

1. e4 c6 2. d4 d5 3. e5 Bf5 4. c4 dxc4 5. Bxc4 e6 6. Nc3 Nd7 7. Nge2 Nb6 8. Bb3 Ne7 9. Ng3 Bg6 10. O-O Qd7 11. Be3 Ned5 12. Nce4 Be7 13. Qe2 O-O 14. Rac1 Rad8 15. Nc3 Nxe3 16. fxe3 c5 17. Rcd1 Qc6 18. Kh1 Rd7 19. Bc2 cxd4 20. Bxg6 dxc3 21. Be4 Qc7 22. bxc3 Rxd1 23. Rxd1 Nc4 24. Rd4 Nxe5 25. c4 g6 0-1